000 00757nas a2200253 4500
001 BR4400176
003 BR-BrBNA
005 20231205081835.0
007 ta
008 230509b bl.|||p| |||| 00| 00por d
040 _aBR-BrBNA
_bpor
_cBiblioteca Nacional de Agricultura
041 _a(Pt)
072 _aM40
100 1 _aCarvalho, J.P.
245 1 _aCopepodos de Caioba e Baia de Guaratuba [plancton, zooplancton, fitoplancton, Parana, Brasil]
650 _aDISTRIBUICAO GEOGRAFICA
650 _aPLANCTON
650 _aZOOPLANCTON
650 _aFITOPLANCTON
650 _aPARANÁ
773 0 _tArquivos do Museu Paranaense (Brazil)
_x
_g(Dec 1944), v. 4 p. 83-116
_wBR4400176
909 _a202311
_bLúcia
_c55
_dLúcia Elande
942 _2AGRIS
_n0
_cANA
999 _c87247
_d87247